Paper Mario Sticker Star All OST Names - Statistics

General Stats
  • This quiz has been taken 15 times
    12 since last reset
  • The average score is 62 of 177
Answer Stats
Context Answer % Correct
Speaking To Goomba Boss The Tension
100%
Town Rolled Up (SHOCK) All Rolled Up!
50%
Sand Levels A Thousand Miles Away
50%
Sand Levels with Sombrero Guy Playing A Thousand Miles Away (Mariachi Guy)
50%
Wiggler Piece Joins A Wiggler Segment Joins You!
50%
Flying Boat Battleship
50%
Angry Wiggler Because I'm Angry!
50%
Giant Boo Appears Big Boo Waltz
50%
Big Fish Boss Appears Big Cheep Cheep Appears
50%
Plains Levels Blue Skies, White Clouds
50%
All The Boos Coming Out Of Frame Boo Night Fever
50%
Fighting Bowser Jr Bowser Jr. Battle
50%
Bowser Jr Battle (HP Low) Bowser Jr. Battle (Low HP)
50%
Wiggler Segment Run Can't Catch Me
50%
After Intro Detective Mario
50%
Goomba Encounter Speak Don't Call Me Flunky!
50%
World 5 Boss Endlessly Hungry, Petey Piranha Battle
50%
World 5 Boss (HP Low) Endlessly Hungry, Petey Piranha Battle (Low HP)
50%
Special Battle (maybe others)* Event Battle
50%
Special Battle (HP Low) Event Battle (Low HP)
50%
Die Game Over
50%
The Lift Level Give Me a Lift
50%
ROLLER COASTER!!!!! Go Go Trolley!
50%
Approaching World 3 Boss Gooper Blooper Appears
50%
Fighting World 3 Boss Gooper Blooper Battle Boogie
50%
Getting Not So Important Item Got an Item
50%
Getting Fancy Boss Crown Got a Royal Sticker
50%
Getting Important Item Got a Special Item
50%
Awake Wiggler Here Wiggler Is
50%
Winter Level Remix Ice Flow
50%
Volcano Levels It's Hot, So Hot
50%
Kersti(Background Music) Kersti the Sticker
50%
Kamek Fight Malevolent Magikoopa, Kamek Battle
50%
Kamek (HP Low) Malevolent Magikoopa, Kamek Battle (Low HP)
50%
World 1 Boss Megasparkle Goomba's Brilliant Battle
50%
World 1 Boss (HP Low) Megasparkle Goomba's Brilliant Battle (Low HP)
50%
World 4 Boss Mizzter Blizzard's Snow Bowser Statue Battle
50%
World 4 Boss (HP Low) Mizzter Blizzard's Snow Bowser Statue Battle (Low HP)
50%
Special Ability (Y Button) Paperize
50%
Select Screen Paper Mario Sticker Star
50%
No Damage Battle Win Perfect Victory!
50%
Wiggler Segment Fight Rowdy, WIggler Segment Battle
50%
Wiggler Piece Battle (HP Low) Rowdy, Wiggler Segment Battle (Low HP)
50%
Boss Sad Backstory Royal Sticker Story
50%
Cool Paratroopas in Yoshi Sphinx Scarlet Wings
50%
Make Things Into Stickers Sling a Thing
50%
Epic Game Show Snifit or Whiffit!
50%
Winter Levels Snow Rise
50%
Winter Level & Winter Level Remix Combine Snow Rise ~ Ice Flow (Mix)
50%
Basic Fight Sticker Battle
50%
Normal Battle (HP Low) Sticker Battle (Low HP)
50%
The Place With All The Stickers Sticker Museum
50%
Fighting World 3 Boss V2* Super Mario's Blooper Bash!
50%
Birdo* Swinging Swing
50%
Maze Level That Guy Who Got Baffled in the Bafflewoods
50%
Kamek Encounter The Blue Wizard
50%
Inside The Mansion The Enigmansion
50%
World 3 No Poison* The Lush Forest
50%
Angry Kersti The Rampaging Din
50%
Intro Music The Sticker Fest
50%
Bowser Takes Crown The Sticker Fest, a Mess
50%
Medium Freeze Thing Thing Sticker (Air Conditioner)
50%
Rubber Grower Thing Sticker (Balloon)
50%
Medium Comfy Sleeper Thing Sticker (Bed)
50%
Small Air Blower Thing Thing Sticker (Bellows Fan)
50%
Music Exposer Thing Sticker (Boom Box)
50%
Birthday Desert Thing Sticker (Cake)
50%
Large Electrical Storage Thing Thing Sticker (Car Battery)
50%
Japanese Cat Thing Sticker (Cat-o-Luck)
50%
Mobile Device Thing Sticker (Cell Phone)
50%
Medium Electrical Storage Thing Thing Sticker (D-Cell Battery)
50%
Large Air Blower Thing Thing Sticker (Fan)
50%
Medium Water Dispenser Thing Thing Sticker (Faucet)
50%
Fish Grabber Thing Sticker (Fishhook)
50%
Bearded Garbage Eater Thing Sticker (Goat)
50%
Bearded Garbage Eater Revamp Thing Sticker (Goat Remix)
50%
Large Noise Making Thing Thing Sticker (Guitar)
50%
Medium Snip Snip Thing Thing Sticker (Hair Shears)
50%
Sharp Shoes Thing Sticker (High Heels)
50%
Large Rumble Rumble Device Thing Thing Sticker (Jackhammer)
50%
Pocket Fire Device Thing Sticker (Lighter)
50%
Large Comfy Sleeper Thing Sticker (Luxurious Bed)
50%
Pocket Fire Sticks Thing Sticker (Matches)
50%
Small Air Eater Thing Thing Sticker (Mini Vacuum)
50%
Swinging Things Thing Sticker (Newspaper, Bat & Toy Bat)
50%
Large Warming Up Device Thing Thing Sticker (Oven)
50%
Small Comfy Sleeper Thing Sticker (Pillow)
50%
Small Warming Up Device Thing Thing Sticker (Radiator)
50%
Large Freeze Thing Thing Sticker (Refrigerator)
50%
Large Water "Shooter" (quack) Thing Sticker (Rubber Ducky)
50%
Green Medium Snip Snip Thing Thing Sticker (Scissors)
50%
Small Snip Snip Thing Thing Sticker (Sewing Scissors)
50%
Small Freeze Thing Thing Sticker (Shaved Ice)
50%
Small Water Shooter Thing Sticker (Soda)
50%
Medium Water Shooter Thing Sticker (Squirt Gun)
50%
Large Snip Snip Thing Thing Sticker (Tailor Shears)
50%
Large Water Dispenser Thing Thing Sticker (Teapot)
50%
Large Golden Rolling Ball Thing Thing Sticker (Trophy)
50%
Small Noise Making Thing Thing Sticker (Trumpet)
50%
Fowl Dancer Thing Sticker (Turkey)
50%
Medium Air Eater Thing Thing Sticker (Upright Vacuum)
50%
Large Air Eater Thing Thing Sticker (Vacuum)
50%
Medium Noise Making Thing Thing Sticker (Violin)
50%
Small Electrical Storage Thing Thing Sticker (Watch Battery)
50%
Small Water Dispenser Thing Thing Sticker (Watering Can)
50%
World 2 Boss Tower Power Pokey Battle!
50%
World 2 Boss (HP Low) Tower Power Pokey Battle (Low HP)
50%
Normal Town Town of Toads and Stickers, Decalburg
50%
Unroll Town Un-Burrito the Town Plaza
50%
Win Battle (at least 1 hit) Victory!
50%
Shop Welcome to the Sticker Shop
50%
Sleeping Wiggler WIggler's Sleepy Time
50%
Beating Bowser Wishes Come True
50%
Woods Levels Woods of Poison
50%
Map (Bowsers) World Map (Bowser's World)
50%
Map (Sand) World Map (Desert World)
50%
Map (Woods) World Map (Forest World)
50%
Map (Plains Area) World Map (Grass World)
50%
Map (Rainforest/Volcano) World Map (Jungle World)
50%
Map (WInter) World Map (Snow World)
50%
Got Something Wrong Wrong!
50%
Is Sticker Star a Good Game Yes
50%
That One Annoying Level With Lip Fish Approach of the Giant Fish
0%
All 3 Same on Wheel Battle Spinner Perfect
0%
Bowser Jr Takes Bridge Bowser Jr. Paperizes
0%
Seeing Bowsers Castle Bowser's Castle Revealed!
0%
Completing Section In Sniffit Or Whiffit Challenge Clear
0%
Opening Music Channel Menu
0%
Big Fish Boss On Port Danger at Surfshine Harbor
0%
Tower Forming (2-5) Drybake Stadium Unfolds
0%
2-4 Level Before Water* Dry Dry Oasis
0%
Taking Flying Wiggler to Bowsers Flopping WIngs Ascend
0%
Spooky Boo Frightened Boo!
0%
Getting Boo Eating Book Got the Book of Sealing
0%
Rain Forest's Levels Jungly Jungle
0%
Asking Question/Start Game Show Let the Challenge Begin!
0%
Doing Fun Minigame Mini Game Challenge
0%
Bowser Jr Encounter My Things!
0%
Snifit or Whiffit After Answer Next Question
0%
Intro to Mario* Our Hero, Mario!
0%
Outside Mansion Outside the Haunted Enigmansion
0%
Toad That Gets Attacked Encounter Pay or Fray
0%
2-4 Level After Water* Peaceful Little Desert Resort, Damp Oasis
0%
Solving Something Correctly Perfect Solution
0%
Using Kersti Sticker* Power of the Royal Sticker
0%
The Question Question Challenge
0%
Exploring Inside Temple Ruins Explorer
0%
Correct In Sand Ruin Solution
0%
The Port Seaside Settlement, Surfshine Harbor
0%
Sad Wiggler Segment in store* Sorrow on the Waves
0%
Normal Bowser Fight Sparkling King, Bowser & Co Battle
0%
Final Boss (HP Low) Sparkling King Bowser & Co. Battle (Low HP)
0%
Bowser Fight After Using Kersti Spectacular Finale
0%
Credits Staff Roll
0%
Win Stage Stage Clear
0%
Harmed Enemy Before Battle Sticker Battle (Attacked First Intro)
0%
Being Attack First Sticker Battle (Attacked First Intro)(Low HP)
0%
Harmed Before Battle Sticker Battle (Got Attacked Intro)
0%
Being Attacked First Sticker Battle (Got Attacked Intro)(Low HP)
0%
Getting All Sticker/Things In Museum Sticker Museum Exhibits Unlocked
0%
Outside Goomba Boss Tower Storming the Goomba Fortress
0%
Getting Star Super Star Power!
0%
Bowser With Chain Chomp* Supreme Sparkling King, Bowser Battle
0%
Final Boss V2 (HP Low) Supreme Sparkling King Bowser Battle (Low HP)
0%
Bowser Turns Giant The Giant Arises
0%
Mansion After Boo's The Toad's Mansion
0%
Throwable Things Thing Sticker (Billiard Ball, Curling Stone, & Bowling Ball)
0%
Finding A Toad Toad Rescued
0%
Toad's Make Form To Get Bridge Toad's Paper Stairway
0%
Saving The Many Toads In Picture Toad's Released from the Photo Frames
0%
Inside Tower Tower of Murals, Drybake Stadium
0%
In Caves Underground Cave Connections
0%
Angry Jr* Unstoppable Fury
0%
Wiggler Piece Gets Kidnapped Wiggler, Snatched Away
0%
Sleepy Enemy Escapes Wild Chomp on the Loose
0%
End Credits* Wishes Come True (Ending 1)
0%
End Credits 2* Wishes Come True (Ending 2)
0%
No matching quizzes found
Score Distribution
Percent of People with Each Score
Percentile by Number Answered
Your Score History
You have not taken this quiz since the last reset